000
00361nam a2200169Ia 4500
100
_a
Clocksin/William F/ Mellish/Christopher S
650
_a
prolog
250
_a
5
942
_c
BK
366
_f
25
245
_a
Programming in Prolog
260
_b
Springer
_c
2003
082
_a
5.133
_b
CLO
300
_a
299
546
_a
ENGLISH
_c
Computers
999
_c
24037
_d
24037